000 00859nam a2200253Ia 4500
003 OSt
005 20220930091023.0
006 a|||||r|||| 00| 0
007 ta
008 220926b |||||||| |||| 00| 0 eng d
024 _a3366
037 _cTheses
040 _aCRL
_cCRL
_beng
041 _2eng
_aeng
100 _aBhutia Chey Gyamtso
_9544476
110 _aUniversity of Delhi. Faculty of Medical Science. Department of Physiology
_9523462
245 0 _aA comparative study of three different types of pranayama on the heart rate variability of female medical students
260 _c2012
650 _aPHYSIOLOGY
700 _a Mondal Sunita Gu.
_9544477
700 _aUniversity of Delhi. Faculty of Medical Science. Department of Physiology
_9523464
942 _cDIS
_2CC
999 _c881511
_d881511